Countries that Start with L - Map Quiz - Statistics

General Stats
  • This quiz has been taken 394 times
  • The average score is 8 of 9
Answers on the Map
Answers color-coded by a green-red scale on the quiz's map according to % correct below.
 
Answer Stats
Answer % Correct
Laos
95%
Lesotho
95%
Lithuania
95%
Latvia
94%
Libya
94%
Liechtenstein
94%
Liberia
93%
Lebanon
92%
Luxembourg
88%
No matching quizzes found
Score Distribution
Percent of People with Each Score
Percentile by Number Answered
Your Score History
You have not taken this quiz